Novela Zákonníka práce v praxi

Analýza novely Zákonníka práce, t.j. analýza zákona č. 348/2007 Z.z., ktorá môže pomôcť zamestnancom a zamestnávateľom predchádzať prípadným kolíziám v pracovnoprávnych vzťahoch v každodennej praxi. Pozornosť je venovaná 2. časti Zákonníka práce - Pracovný pomer - kde sú rozobrané aj s príkladmi nie...

Ausführliche Beschreibung

Gespeichert in:
Bibliographische Detailangaben
1. Verfasser: Gejdošová, Slavomíra
Format: Buchkapitel
Sprache:Slowakisch
Schlagworte:
Tags: Tag hinzufügen
Keine Tags, Fügen Sie das erste Tag hinzu!

MARC

LEADER 00000naa$a2200000$$$4500
001 0066393
005 20231109092044.3
041 0 |a slo 
044 |a SK 
245 1 0 |a Novela Zákonníka práce v praxi  |c Slavomíra Gejdošová 
520 |a Analýza novely Zákonníka práce, t.j. analýza zákona č. 348/2007 Z.z., ktorá môže pomôcť zamestnancom a zamestnávateľom predchádzať prípadným kolíziám v pracovnoprávnych vzťahoch v každodennej praxi. Pozornosť je venovaná 2. časti Zákonníka práce - Pracovný pomer - kde sú rozobrané aj s príkladmi niektoré inštitúty Zákonníka práce týkajúce sa priamo vzniku či zániku pracovného pomeru. Uvedený rozbor zákona sa týka všetkých podstatných legislatívnych zmien účinných od 1.9.2007. 
610 2 0 |a právo pracovné 
610 2 0 |a zákonník práce 
610 2 0 |a legislatíva 
610 2 0 |a novelizácia 
610 2 0 |a vzťahy pracovnoprávne 
610 2 0 |a pomer pracovný 
100 1 |a Gejdošová, Slavomíra